Logo BPK

Biblioteka

Politechniki Koszalińskiej

Flowfield modeling and diagnostics / (Rekord nr 29121)

Szczegóły MARC
000 -ETYKIETA REKORDU
podpole kontrolne o stałej długości 00627nam a2200217 i 4500
001 - NUMER KONTROLNY REKORDU
pole kontrolne bg
020 ## - MIĘDZYNARODOWY ZNORMALIZOWANY NUMER KSIĄŻKI - ISBN
ISBN 0856263281
040 ## - ŹRÓDŁO KATALOGOWANIA
Instytucja, która utworzyła rekord BPK
041 ## - KOD JĘZYKA
Kod języka tekstu pol
080 ## - UNIWERSALNA KLASYFIKACJA DZIESIĘTNA - UKD
UKD 533.6:662.61
920 ## - Międzynarodowy znormalizowany numer książki – ISBN
ISBN 0-85626-328-1
008 - POLE O STAŁEJ DŁUGOŚCI - DANE KONTROLNE
podpole kontrolne o stałej długości s pl f |000 0 pol
100 1# - NAZWA OSOBOWA
Nazwa osobowa GUPTA, Ashwani K.
245 #0 - TYTUŁ/ODPOWIEDZIALNOŚĆ
Tytuł Flowfield modeling and diagnostics /
Pozostałe elementy strefy tytułu i oznaczenia odpowiedzialności A. K. Gupta, D. G. Lilley.
260 ## - STREFA ADRESU WYDAWNICZEGO
Miejsce wydania Tunbridge Wells :
Nazwa wydawcy/dystrybutora Abacus,
Data publikacji, dystrybucji/powstania dokumentu 1985.
300 ## - STREFA OPISU FIZYCZNEGO
Objętość XII, 414 s. :
Inne cechy fizyczne rys., wykr. ;
Rozmiary 24 cm.
490 1# - STREFA SERII I DOKUMENTU WIELOCZĘŚCIOWEGO - FORMA NIE DO WYSZUKIWANIA
Tytuł i oznaczenie odpowiedzialności serii Energy and Engineering Science Series
700 1# - HASŁO DODATKOWE - NAZWA OSOBOWA
Nazwa osobowa LILLEY, David G.
830 ## - HASŁO DODATKOWE SERII LUB DOKUMENTU WIELOCZĘŚCIOWEGO - TYTUŁ UJEDNOLICONY
Tytuł ujednolicony Energy and Engineering Science Series
856 ## - LOKALIZACJA I DOSTĘP DO ELEKTRONICZNYCH DOKUMENTÓW ZDALNYCH
Link (URL) http://koha.tu.koszalin.pl/cgi-bin/koha/opac-detail.pl?biblionumber=29121
Tekst linku Katalog online BPK
942 ## - DODATKOWE ELEMENTY (KOHA)
Typ dokumentu Książka
Egzemplarze
Wycofany Status egzemplarza Uszkodzony Dostępność Lokalizacja stała Lokalizacja bieżąca Miejsce przechowywania Sygnatura Kod kreskowy Typ dokumentu
      Dostępny Biblioteka Politechniki Koszalińskiej Biblioteka Politechniki Koszalińskiej Wypożyczalnia BG 35179 01927795 Książka
© 2023 Biblioteka Politechniki Koszalińskiej :: KOHA